000 01237nam2a22002051 4500
001 RU\NLR\A1\20579
005 20251203152403.2
035 _a(NLR Aleph) 009676036
090 _a13474773
_c13474773
100 _a19990630d1774 u y0rusy50 ca
101 1 _arus
200 1 _a[Аделфы или Братья
_fПер. Косма Флоринский
_aЕкира или Свекровь
_fПер. Феодор Мойсеенков
_aФормион
_fПер. Филипп Синский]
210 _d1774
215 _a[2], 294 с.
461 1 _1001RU\NLR\A1\20577
_12000#$aКомедии Публия Терентия Африканскаго$eПереведенныя с латинскаго на российский язык.$vТ.2
_1700#1$6z01700$6z02790$aТеренций$bП.$fок. 185-159$gПублий$4070
_1700#1$6z01700$7ba$aTerentius Afer$bP.$gPublius
_99682943
_aТеренций, П. (ок. 195-159 до н.э.)
_cСПб.
_d1773-1774
_nПри Имп. Акад. наук
_oПереведенныя с латинскаго на российский язык.
_tКомедии Публия Терентия Африканскаго
_vТ.2
801 0 _aRU
_bNLR
_c19990630
942 _cBOOK
980 _aA1XVIIIv
980 _aNB